| 000 | 00705cam a22002054a 4500 | ||
|---|---|---|---|
| 005 | 20250605163929.0 | ||
| 008 | 250528s ||||||||||||||||||||||||d | ||
| 035 | _a14637 | ||
| 020 | _a330291521 | ||
| 040 |
_aGR-AtMCL _bgre _dGR-AtMCL _eAACR2 |
||
| 245 | 1 | _aThe Engineer of Human Souls / An Entertainment on the Old Themes of Life, Women, Fate, Dreams the Working Class, Secret Agents, Love and Death | |
| 260 | _c1985 | ||
| 300 | _a578 | ||
| 520 | _aThis book spins its story from the torn entrails of Central Europe. Poe, Hawthorne, Twain, Crane, Fitzgerald, Conrad, Lovecraft. | ||
| 700 | 1 |
_aPicador _9370 |
|
| 700 | 1 |
_aSkvorecky Josef _9371 |
|
| 942 | _cBK | ||
| 999 |
_c261 _d261 |
||